000 00387nam a2200157Ia 4500
008 221030s9999 xx 000 0 und d
020 _a0070222940
041 _aEnglish
100 _aR. Petersen
245 0 _aLinux : The Complete Reference
_cby R. Petersen
250 _a6th
260 _bMcGraw - Hill Pub.
_aNew Delhi
_c2016
300 _a830
650 _aComputers
942 _cBK
999 _c16885
_d16885